LEADER 01592cam0-2200517---450- 001 990000062190203316 005 20000502 010 $a0-13-748625-1 035 $a0006219 035 $aUSA010006219 035 $a(ALEPH)000006219USA01 035 $a0006219 100 $a20000502d1998----|||y0itay0103----ba 101 0 $aeng 102 $aBG 105 $a||||||||001yy 200 1 $aReality architecture$ebuilding 3D worlds with Java and VRML$fMartin McCarthy, Alligator Descartes 210 $aNew York [etc.]$cPrentice hall Europe$d1998 215 $aXIV, 382 p.$d24 cm.$e1 CD-ROM 610 $aElaboratori elettronici$aLinguaggio Java 610 $aElaboratori elettronici$aLinguaggio VRML 610 $aGrafica$aProgrammi per microelaboratori 676 $a006.6869 700 1$aMCCARTHY,$bMartin$0754852 701 1$aDESCARTES,$bAlligator$0754853 801 $aIT$bSALBC$gISBD 912 $a990000062190203316 951 $a006.6869 MEC$b14048 Ing$c006.6869$d00000703 959 $aBK 969 $aTec 979 $c20000914$lUSA01$h1728 979 $c20001019$lUSA01$h1055 979 $c20001019$lUSA01$h1453 979 $c20001019$lUSA01$h1500 979 $c20001019$lUSA01$h1538 979 $c20001024$lUSA01$h1513 979 $c20001027$lUSA01$h1518 979 $c20001027$lUSA01$h1522 979 $c20001110$lUSA01$h1709 979 $c20001124$lUSA01$h1207 979 $c20020403$lUSA01$h1613 979 $aPATRY$b90$c20040406$lUSA01$h1605 996 $aReality architecture$91519127 997 $aUNISA DB $aUSA01 SYS ID$a6219 LEADER 00824nam0 22003013i 450 001 996697382403316 005 20260109104842.0 010 $a978-88-7570-097-3 100 $a20250716d2004----||||0itac50 ba 101 $aita 102 $aIT 105 $a|||| |||a| 200 1 $aGigi cerca il suo berretto$fBruno Munari 205 $a3. ristampa 210 1 $aMantova$cCorraini$d2004 215 $a1 volume (senza paginazione)$cill.$d32 cm 225 2 $aLibri del '45$v7 300 $aTitolo della copertina 410 0$aLibri del '45$v7 676 $a741.642 700 1$aMUNARI,$bBruno$f<1907-1998>$024663 801 0$aIT$bcba$bcba$gREICAT 912 $a996697382403316 951 $aAA$b293429$cAA$d549817 959 $aBK 969 $aLIDA 996 $aGigi cerca il suo berretto$94519768 997 $aUNISA